Statistics for More Movie Title Antonyms

Click here to take the quiz!

General Stats

  • This quiz has been taken 135 times
  • The average score is 8 of 16

Answer Stats

HintAnswer% Correct
HandtightFootloose
81%
AfraidBrave
78%
Here BoyGone Girl
76%
Zero Things I Love About Me10 Things I Hate About You
76%
Big Mister MoonLittle Miss Sunshine
71%
It's a Terrible DeathIt's a Wonderful Life
65%
ScaredbrainBraveheart
53%
Talkin' in the SunSingin' in the Rain
45%
Admirable YouDespicable Me
45%
Finite Darkness of the Dirty HeartEternal Sunshine of the Spotless Mind
36%
Genesis LaterApocalypse Now
36%
The Disappearance of the QueenThe Return of the King (Lord of the Rings)
35%
1968: An Earth Staycation2001: A Space Odyssey
28%
Your Ugly ManMy Fair Lady
23%
Releasing WaterCatching Fire
19%
BuyRent
17%

Score Distribution

Percentile by Number Answered

Percent of People with Each Score

Your Score History

You have not taken this quiz